• 首页
  • 本馆介绍
  • 公告通知
  • 最新文献
  • 馆藏检索
  • 电子资源
  • 读者导购
  • 参考咨询
  • 我的图书馆
  • 登录
  • 详细信息显示
  • 放入我的书架
  • 预约/预借图书
  • 作者相关作品
  • 分类相关作品
  • 丛书相关作品
  • 出版社相关作品

书目信息

  • 表格格式
  • 工作单格式
  • 卡片格式
题名:
饲料加工及检测技术
    
 
作者: 冯定远 主编 ;杨维任 , 孙会 参编
分册:  
出版信息: 北京   中国农业出版社  2012.7
页数: 582页
开本: 26cm
丛书名:
单 册:
中图分类: S916.17 , S816.34
科图分类:
主题词: 饲料--检测 , 饲料加工
电子资源:
ISBN: 978-7-109-16577-9
000 01277nam0 2200313 45
001 1354537671
005 20130510093341.07
010    @a978-7-109-16577-9@dCNY95.00
100    @a20130108d2012 em y0chiy0121 ea
101 0  @achi
102    @aCN@b110000
105    @aak a 000yy
106    @ar
200 1  @a饲料加工及检测技术@ASi Liao Jia Gong Ji Jian Ce Ji Shu@f冯定远主编@FFeng Ding Yuan Zhu Bian
210    @a北京@c中国农业出版社@d2012.7
215    @a582页@c图@d26cm
300    @a养殖领域研究生教学用书
314    @a本书参编: 孙会, 杨维任, 张佩华, 王润莲, 钱利纯等
320    @a有书目 (第578-582页)
330    @a本教材围绕饲料加工和检测的基本需要, 详细介绍了营养成分, 原料分类、特征及加工, 配合饲料生产, 加工技术及设备, 饲料质量检测及监测技术等各方面的基础理论、基本方法和实践技能, 以科学性、先进性、实用性为原则, 力求系统全面、条理清晰、通俗易懂。为便于学生对基础理论和实践技能的掌握, 本教材专门设置了常规养分测定、饲料原料和配合饲料质量检测等方面的试验教学内容。
606 0  @a饲料@x检测
606 0  @a饲料加工
690    @aS916.17@v5
690    @aS816.34@v5
701  0 @a冯定远@AFeng Ding Yuan@4主编
702  0 @a杨维任@AYang Wei Ren@4参编
702  0 @a孙会@ASun Hui@4参编
801    @aCN@bTANGWEI@c20130109
905    @b0830719-21@dS916.17@e35@f3
    
    饲料加工及检测技术/冯定远主编.-北京:中国农业出版社,2012.7
    582页:图;26cm
    养殖领域研究生教学用书
    
    ISBN 978-7-109-16577-9:CNY95.00
    本教材围绕饲料加工和检测的基本需要, 详细介绍了营养成分, 原料分类、特征及加工, 配合饲料生产, 加工技术及设备, 饲料质量检测及监测技术等各方面的基础理论、基本方法和实践技能, 以科学性、先进性、实用性为原则, 力求系统全面、条理清晰、通俗易懂。为便于学生对基础理论和实践技能的掌握, 本教材专门设置了常规养分测定、饲料原料和配合饲料质量检测等方面的试验教学内容。
●
相关链接 在E读中查询图书 在五车中查询图书 在当当中查询图书 在豆瓣中查询图书


正题名:饲料加工及检测技术     索取号:S916.17/35         预约/预借

序号 登录号 条形码 馆藏地/架位号 状态 备注
1 0830719   208307198   第二样本阅览室/ [索取号:S916.17/35] 在馆    
2 0830720   208307205   第三借阅区/ [索取号:S916.17/35] 在馆    
3 0830721   208307214   第三借阅区/ [索取号:S916.17/35] 在馆    
唐山师范学院图书馆 欢迎您!
大连网信软件有限公司© 版权所有